000 00440nam a2200157 i 4500
001 93820
003 ES-MaACL
005 20230906181326.0
007 t|
008 050420s1973 sp ||||1| spa d
100 1 _aLópez Martínez, Alfonso.
_973756
245 1 4 _aLos pájaros del sueño /
_cAlfonso López Martínez.
260 _aAlmeria :
_bImp. Bretones,
_c1973.
300 _a110 p. ;
_c16 cm.
852 _aES-MaACL
_jC-53622
_bR.85274
999 _c93820
_d93820